| 000 | 00000nas##2200000za#4500 |
| 001 | 9.515118 |
| 003 | CaOODSP |
| 005 | 20200421173714 |
| 007 | ta |
| 008 | 150406c2002||||xxc|| p #||||f| |0eng|d |
| 022 | |a1499-2442 |
| 040 | |aCaOODSP|beng |
| 043 | |an-cn--- |
| 086 | 1 |aTU2-8E |
| 110 | 2 |aTransportation Safety Board of Canada. |
| 245 | 10|aTransportation safety reflexions. Air |
| 260 | |aOttawa - Ontario : |bTransportation Safety Board of Canada |
| 310 | |aIrregular |
| 362 | 1 |aIssue 25 (Feb. 2002)-- |
| 500 | |aTitle from cover. |
| 563 | |aSoftcover |
| 775 | 08|tRéflexions sur la sécurité des transports. Aviation |w(CaOODSP)9.513447 |
| 776 | 0#|tTransportation safety reflexions. Air |w(CaOODSP)9.507633 |
| 780 | 00|tAviation safety reflexions |w(CaOODSP)9.514343 |